000 00925nam a2200289 a 4500
001 000005026
003 DO-SdBNP
005 20250618133146.0
007 ta
008 240624s2007 dr a 001 j spa d
020 _a9789945161687
040 _aDO-SdBNP
_bspa
_cBNPHU
_erda
082 _aRD863.5
_bE18v, 2007
_222
100 1 _aEchavarría, Aglae
_eautora
_91535
245 1 0 _aUn viaje hacia la muerte /
_cAglae Echavarría.
264 _aSanto Domingo :
_bEdiciones Renovación,
_c2007
300 _a15 paginas. :
_bilustraciones ;
_c26 cm.
336 _2rdacontent
_atexto
_btxt
337 _2rdamedia
_asin mediación
_bn
338 _2rdacarrier
_avolumen
_bnc
505 0 _aLiminar --
_tIntroducción --
_tUn viaje hacia la muerte --
_tÍndice de fotografías.
590 _aInventariado, 2024/DG
650 0 _aCuentos dominicanos
_9176
650 0 _aLiteratura dominicana.
_967
910 _aDG
942 _2ddc
_cLF2
999 _c56939
_d56939